| 000 | 00650nam a22001937a 4500 | ||
|---|---|---|---|
| 008 | 230301b |||||||| |||| 00| 0 eng d | ||
| 020 | _a1856045560 | ||
| 040 |
_aNational Science Library _cNational Science Library |
||
| 080 |
_aD 02:681.3 _bP5 |
||
| 100 |
_aMitchell, Anne M _91790 |
||
| 245 |
_aCataloging and organizing digital resources: _bA how-to-do-it manual for librarians |
||
| 260 |
_aLondon: _bFacet Publishing, _c2005 |
||
| 300 | _aviii, 219p. | ||
| 650 | _aInformation science | ||
| 653 | _aCataloging of electronic information resources | ||
| 653 | _aCataloging of computer files | ||
| 700 | _aSurratt, Brian E | ||
| 942 |
_2udc _cBK |
||
| 999 |
_c5213 _d5213 |
||